• 首页
  • 本馆介绍
  • 公告通知
  • 最新文献
  • 馆藏检索
  • 电子资源
  • 读者导购
  • 参考咨询
  • 我的图书馆
  • 登录
  • 详细信息显示
  • 放入我的书架
  • 预约/预借图书
  • 作者相关作品
  • 分类相关作品
  • 丛书相关作品
  • 出版社相关作品

书目信息

  • 表格格式
  • 工作单格式
  • 卡片格式
题名:
2050中国能源和碳排放报告
    
 
作者: ;2050中国能源和碳排放研究课题组 编
分册:  
出版信息: 北京   科学出版社  2009
页数: 10,894页
开本: 30cm
丛书名:
单 册:
中图分类: F426.2 , X511
科图分类:
主题词: 能源经济--可持续发展--研究报告--中国--2050 , 二氧化碳--排气--研究报告--中国--2050 , 能源经济 , 可持续发展 , 二氧化碳 , 排气
电子资源:
ISBN: 978-7-03-024569-4
000 01660nam0 2200337 45
001 1130188266
005 20110309090619.81
010    @a978-7-03-024569-4@dCNY198.00
100    @a20110108d20092010em y0chiy0120 ea
101 0  @achi
102    @aCN@b110000
105    @aak iz 000yy
106    @ar
200 1  @a2050中国能源和碳排放报告@A2050 Zhong Guo Neng Yuan He Tan Pai Fang Bao Gao@d2050 China energy and CO2 emissions report@f2050中国能源和碳排放研究课题组[编]@F2050 Zhong Guo Neng Yuan He Tan Pai Fang Yan Jiu Ke Ti Zu [ Bian ]@zeng
210    @a北京@c科学出版社@d2009@h2010印
215    @a10,894页@c图@d30cm
300    @a大卫与露茜尔·派克德基金会、威廉与佛罗拉·休利特基金会、能源基金会、世界自然基金会中国分会资助
304    @a英文并列题名中“CO2”中的2为右下角标
330    @a本书中的14篇报告,详尽地研究了中国从目前到2050年的社会经济发展趋势;资源、人口、环境和全球变暖等各种限制因素,人均收入、全球化、城市化、工业化、市场化等驱动因素,以及影响能源供需的政策、技术、消费模式、金融财政体制、国际合作等因素的演变对中国2050年的经济社会发展、能源需求和二氧化碳排放的影响,提出了有的放矢、战略性、前瞻性的促进可持续发展和应对气候变化的政策建议。
510 1  @a2050 China energy and CO2 emissions report@zeng
606 0  @a能源经济@x可持续发展@x研究报告@y中国@z2050
606 0  @a二氧化碳@x排气@x研究报告@y中国@z2050
606 0  @a能源经济
606 0  @a可持续发展
606 0  @a二氧化碳
606 0  @a排气
690    @aF426.2@v4
690    @aX511@v4
711 02 @a2050中国能源和碳排放研究课题组@A2050 Zhong Guo Neng Yuan He Tan Pai Fang Yan Jiu Ke Ti Zu@4编
801  0 @aCN@bTANGWEI@c20110309
905    @b0530294-95@dF426.2@e114@f2
    
    2050中国能源和碳排放报告=2050 China energy and CO2 emissions report/2050中国能源和碳排放研究课题组[编].-北京:科学出版社,2009(2010印)
    10,894页:图;30cm
    大卫与露茜尔·派克德基金会、威廉与佛罗拉·休利特基金会、能源基金会、世界自然基金会中国分会资助
    
    ISBN 978-7-03-024569-4:CNY198.00
    本书中的14篇报告,详尽地研究了中国从目前到2050年的社会经济发展趋势;资源、人口、环境和全球变暖等各种限制因素,人均收入、全球化、城市化、工业化、市场化等驱动因素,以及影响能源供需的政策、技术、消费模式、金融财政体制、国际合作等因素的演变对中国2050年的经济社会发展、能源需求和二氧化碳排放的影响,提出了有的放矢、战略性、前瞻性的促进可持续发展和应对气候变化的政策建议。
●
相关链接 在E读中查询图书 在五车中查询图书 在当当中查询图书 在豆瓣中查询图书


正题名:2050中国能源和碳排放报告     索取号:F426.2/114         预约/预借

序号 登录号 条形码 馆藏地/架位号 状态 备注
1 0530294   205302947   第一样本阅览室/ [索取号:F426.2/114] 在馆    
2 0530295   205302956   第一借阅区/ [索取号:F426.2/114] 在馆    
唐山师范学院图书馆 欢迎您!
大连网信软件有限公司© 版权所有